[Event "EU-chT (Men) 20th"]
[Site "Reykjavik"]
[Date "2015.11.20"]
[Round "7.1"]
[White "Stefansson, Hannes"]
[Black "Ipatov, Alexander"]
[Result "1/2-1/2"]
[WhiteElo "2602"]
[BlackElo "2624"]
[Annotator "Ipatov,A"]
[PlyCount "80"]
[EventDate "2015.11.13"]
[EventType "team-swiss"]
[EventRounds "9"]
[EventCountry "ISL"]
[SourceTitle "CBM 170"]
[Source "ChessBase"]
[SourceDate "2016.01.15"]
[SourceVersion "1"]
[SourceVersionDate "2016.01.15"]
[SourceQuality "1"]
[WhiteTeam "Iceland"]
[BlackTeam "Turkey"]
[WhiteTeamCountry "ISL"]
[BlackTeamCountry "TUR"]

{In this tournament we faced both Icelandic teams. This is the game against
the main Icelandic team.} 1. e4 e5 2. Nf3 Nc6 3. Bb5 a6 4. Ba4 Nf6 ({A few
rounds earlier I had opted for} 4... Nge7 {against Johann Hjartarson from the
team Iceland Legends.}) 5. d3 {White wants to avoid the mainstream theory
which arises after 5.0-0.} d6 {I hadn't expected 5.d3 from my opponent, that
is why I went for the solid setup.} (5... b5 {is another way to proceed with
Black} 6. Bb3 Bc5 (6... Be7 7. h3 O-O 8. O-O d6 9. Bd2 Be6 10. Nc3 Qd7 11. Nd5
Rab8 12. a4 Bd8 13. axb5 axb5 14. Bg5 Bxd5 15. exd5 Ne7 16. Bxf6 gxf6 17. Nh4
$14 {Bartel,M (2623)-Sargissian,G (2679) Baku 2015}) 7. O-O d6 8. a4 Rb8 9.
axb5 axb5 10. h3 h6 11. Nc3 O-O 12. Nd5 Be6 13. Nxf6+ Qxf6 14. c3 Bxb3 15. Qxb3
Qe6 16. Qxe6 fxe6 $11 {Yu,Y (2734)-Wei,Y (2737) Taizhou 2015, and Black
equalised comfortably.}) 6. c3 (6. O-O {gives Black an extra option to
exchange the light squared bishop.} b5 7. Bb3 Na5 8. Bd2 Nxb3 9. axb3 Be7 10.
c4 Bg4 11. Nc3 c6 $11 {Piorun,K (2528)-Naiditsch,A (2711) Deizisau 2015}) 6...
Bd7 ({An immediate} 6... g6 {is more flexible.} 7. O-O (7. Bg5 Bg7 8. Nbd2 O-O
9. O-O Qe7 10. Re1 Nd8 $5 11. Nf1 Ne6 12. Bh4 Nf4 $11 {Morozevich,A (2739)
-Tomashevsky,E (2706) Tromsoe 2013}) 7... Bg7 8. Re1 O-O 9. h3 Nb8 $5 {à la
Breyer manoeuvre.} 10. d4 Nbd7 11. Bc2 c6 12. Be3 Qc7 13. Nbd2 b5 14. b4 a5 15.
dxe5 Nxe5 16. Nxe5 dxe5 17. Nb3 axb4 18. cxb4 Be6 $11 {Zhao,J (2613)-Ding,L 
(2757) Xinghua 2015}) 7. O-O g6 8. Re1 Bg7 9. Nbd2 O-O 10. Nf1 h6 (10... Re8
11. Bb3 Be6 12. h3 Bxb3 13. Qxb3 Qd7 14. Bg5 Nh5 15. Rad1 h6 16. Bc1 Nf6 17.
Ng3 Na5 18. Qc2 c5 19. d4 cxd4 20. cxd4 Rac8 $11 {Anand,V (2783)-Carlsen,M 
(2868) Stavanger 2013}) 11. Ng3 Qe8 $5 {A strange-looking move, but maybe it
is not so bad. Black prepares Nc6-d8 or Nc6-d4 with the idea to simplify the
position.} 12. h3 (12. d4 $2 Nxd4 $1) 12... Nd8 ({Unfortunately} 12... Nd4 $2 {
doesn't work} 13. cxd4 Bxa4 14. b3 Bc6 15. dxe5 dxe5 16. Ba3 $16 {and Black
loses an exchange.}) 13. Bb3 c5 14. d4 b5 15. dxe5 dxe5 16. Qd6 c4 17. Bc2 {
All previous moves were quite natural by both sides. Black tried to expand on
the queenside, White opened up the d-file and invaded with his queen to d6
looking for some weak pawns.} Nh7 18. b3 Nb7 19. Qb6 Qc8 {Black's knights look
quite ugly in these positons, but I don't see how White can take advantage of
it.} 20. bxc4 Re8 $1 $44 {Preparing Bg7-f8.} (20... bxc4 $6 {would have given
White time to seize the initiative} 21. Rb1 Bc6 22. Nf1 $5 Re8 23. Ne3 $14 {
and White is pressing.}) 21. cxb5 axb5 22. Bb3 ({Over the board I considered} 
22. Qe3 {as the best move for White, but even then Black seems to have enough
compensation for the pawn} Nf8 (22... Na5 $5 $44 {I had been planning to play
this move after 22.Qe3}) 23. Rd1 Ne6 24. Qe1 Na5 25. Ba3 Nc4 26. Bb4 Nf4 $44)
22... Nc5 23. Be3 (23. Qxg6 $140 $2 Nxb3 $19) (23. Bd5 $140 Ra6 $19) 23... Nxb3
24. axb3 Rxa1 25. Rxa1 Qxc3 $11 {Black wins the pawn back. In this position I
even thought that White should be slightly careful not to end up in a worse
position because of my bishop pair.} 26. Ra7 Nf8 27. Qd6 $1 Be6 28. b4 Bc4 29.
Qd2 $6 (29. Bc5 $5 $11) 29... Qxd2 30. Nxd2 Rc8 $6 ({I didn't realise that I
could be better after} 30... Bd3 31. Ra3 Rd8 32. Bb6 Rd7 $15 {and now White
would have had to think how to neutralise the black bishop pair.}) 31. Nxc4
Rxc4 32. Bd2 Rc2 33. Nf1 Ne6 34. Rb7 Nd4 35. Rb8+ Kh7 36. Be3 Rb2 37. Bxd4 exd4
38. Rxb5 d3 39. Rd5 Rxb4 40. Rxd3 Rxe4 {More or less an equal game which
deservedly ended up in a draw!} 1/2-1/2

[Event "Wch U20 56th"]
[Site "Tarvisio"]
[Date "2017.11.22"]
[Round "8"]
[White "Karthikeyan, Murali"]
[Black "Gagare, Shardul"]
[Result "1-0"]
[WhiteElo "2578"]
[BlackElo "2482"]
[Annotator "Karthikeyan,M"]
[PlyCount "89"]
[EventDate "2017.11.13"]
[EventType "swiss"]
[EventRounds "11"]
[EventCountry "ITA"]
[SourceTitle "CBM 182"]
[Source "ChessBase"]
[SourceDate "2018.01.17"]
[SourceVersion "1"]
[SourceVersionDate "2018.01.17"]
[SourceQuality "1"]

1. e4 e5 2. Nf3 Nc6 3. Bb5 a6 4. Ba4 Nf6 5. d3 b5 6. Bb3 Be7 $1 7. Nc3 d6 8. a3
(8. O-O Na5 $11) 8... O-O (8... Bg4 9. Be3 (9. Ne2 d5 $11) 9... Nd4 10. Bxd4
exd4 11. Nd5 c5 12. a4 $14) 9. Nd5 (9. h3 Nd4 10. Nxd4 exd4 11. Nd5 Be6 $11)
9... Nxd5 (9... Na5 $5 10. Ba2 Nxd5 11. Bxd5 c6 12. Ba2 Nb7 $11 {Black should
equalise in this line.}) 10. Bxd5 Bd7 (10... Qe8 {should be the correct move
order:} 11. h4 (11. Ng5 Bxg5 12. Bxg5 Be6 $11) 11... Be6 $11) 11. h4 $5 {
This didn't give any advantage but at least forces Black to play accurately.} (
11. O-O Rb8 {is just a slow game.}) 11... Rb8 (11... Qe8 12. Be3 $14 (12. Ng5
h6 13. Qh5 Nd4 14. Kd1 c6 15. Ba2 c5 $11)) (11... h6 12. g4 Qe8 13. Rg1 $40)
12. Ng5 Bxg5 $2 (12... Qe8 $5 13. Qh5 h6 14. Be3 {Black has no suitable plans
but has to drive away the d5-bishop} (14. Qg6 Bxg5 15. hxg5 Ne7 16. Qh5 Nxd5
17. exd5 Kh7 18. gxh6 g6 $11) 14... Bd8 {[%cal Gc6e7]} 15. Qg6 Bxg5 16. hxg5
Ne7 17. Qh5 Nxd5 18. exd5 f5 19. gxh6 Qxh5 20. Rxh5 g6 21. Rh1 f4 22. Bd2 Kh7
$132) (12... h6 13. Qh5 Be8 14. Rh3 $16) 13. hxg5 g6 14. f4 (14. c3 $5 Ne7 15.
Bb3 Be6 16. Bc2 $14) 14... exf4 15. Bxf4 Ne5 $6 (15... Ne7 $5 16. Bb3 Be6 17.
Qd2 Bxb3 18. cxb3 $14) 16. d4 Nc4 $2 (16... Ng4 17. Qf3 Kh8 18. O-O-O (18. e5
dxe5 19. dxe5 Qe7 20. O-O-O $16 {should also work}) 18... f6 19. Bd2 $16 {
is at least an attempt to create counterplay.}) 17. Qf3 $2 (17. Kf2 $1 {
The game is over on the spot} Qc8 (17... Nxb2 18. Qc1 Nc4 19. Rxh7 $18) (17...
Be6 18. Rxh7 {is the point} Kxh7 19. Qh1+ Kg8 20. Qh6 $18) 18. Rh6 $18 {
and Qh1 or Qf3 and Rah1 to follow.} (18. Rxh7 $4 Kxh7 19. Qh1+ Bh3 $17 {
is the point of ...Qc8.})) 17... Be6 (17... Nxb2 18. Kf2 $16) 18. O-O-O Qd7 (
18... Bxd5 19. exd5 {[%cal Gf3h3]} Qd7 (19... f6 20. Rxh7 Kxh7 21. Qh3+ Kg7 (
21... Kg8 22. Rh1 $18) 22. Qh6+ $18) 20. b3 Nb6 21. Rxh7 Kxh7 22. Rh1+ Kg8 23.
Be5 f5 24. Rh8+ Kf7 25. Rh7+ Ke8 26. Bf6 $1 (26. Rxd7 Kxd7 $11) 26... Rxf6 (
26... Qxh7 27. Qe3+ {and mate to follow}) 27. Rxd7 Kxd7 28. gxf6 $18) 19. Rxh7
Kxh7 20. Rh1+ $2 {After playing a creative game, White makes an error in the
move order.} (20. Be5 f5 21. exf5 Rxf5 (21... gxf5 22. Qh5+ {and mate}) (21...
Bxd5 22. Rh1+ Kg8 23. Qxd5+ {and mate}) 22. Qh3+ {White doesn't get this check
in first Rh1.} Kg8 23. Rh1 Kf7 24. Qh7+ Ke8 25. Qxg6+ Qf7 26. Qxe6+ Qxe6 27.
Bxe6 Rxe5 28. dxe5 $18) 20... Kg8 21. Be5 f5 22. Rh8+ (22. exf5 $5 dxe5 23.
fxe6 Qe7 24. Qh3 Qxg5+ 25. Kb1 Rf1+ 26. Rxf1 Nd2+ 27. Ka2 exd4 $5 $13 {but
this variation is tough for Black to play over the board.}) 22... Kf7 23. Rh7+
Ke8 24. Rxd7 Nxe5 $4 (24... Bxd5 25. Rxc7 (25. exd5 Kxd7 $11) 25... fxe4 26.
Qe2 dxe5 27. b3 Nb6 $11 {/+/=}) 25. dxe5 Kxd7 26. Qc3 c5 (26... Rbc8 27. Bb7
$18) 27. Qa5 $1 {And it's all over now.} dxe5 (27... fxe4 28. Qxa6 Rf1+ 29. Kd2
e3+ 30. Ke2 $18 (30. Kxe3 Re1+ 31. Kf2 Rxe5 {might offer some resistance})) 28.
Qxa6 Bxd5 29. exd5 Rfe8 30. Qc6+ {Due to the poor position of the rooks, the
queen collects all the pawns with checks!} Kd8 31. Qd6+ Kc8 32. Qxc5+ Kd8 33.
Qd6+ Kc8 34. Qxg6 Kb7 35. Qc6+ Ka7 36. d6 Rec8 37. Qd5 Rb7 38. Qxe5 Rd7 39. g6
Kb6 40. b4 Ka6 41. a4 Rb8 42. g7 Rdd8 43. axb5+ Rxb5 44. Qe2 Rg8 45. d7 1-0

[Event "Lee Cup 4th"]
[Site "Beijing"]
[Date "1997.08.23"]
[Round "1"]
[White "Tiviakov, Sergei"]
[Black "Qin, Kanying"]
[Result "1-0"]
[WhiteElo "2590"]
[BlackElo "2370"]
[Annotator "King,D"]
[PlyCount "45"]
[EventDate "1997.08.23"]
[EventType "swiss"]
[EventRounds "11"]
[EventCountry "CHN"]
[SourceTitle "CBM 061"]
[Source "ChessBase"]
[SourceDate "1997.11.23"]
[SourceVersion "1"]
[SourceVersionDate "1997.11.23"]
[SourceQuality "1"]

1. e4 e5 2. Nf3 Nc6 3. Bb5 a6 4. Ba4 Nf6 5. Qe2 Be7 6. c3 b5 7. Bc2 d5 8. d4
Bg4 (8... exd4 9. e5 Nd7 10. cxd4 Nb6 11. Nc3 Bg4 12. Be3 Qd7 13. h3 Bh5 14.
O-O O-O 15. Qd3 Bg6 16. Qd1 Bh5 17. Qd3 Bg6 18. Qd1 Bh5 {1/2-1/2 Rodriguez,
A-Borges Mateos,J/CUB-ch 1997/EXP 57}) 9. exd5 Qxd5 (9... Bxf3 10. Qxf3 Qxd5
11. Qxd5 Nxd5 12. dxe5 Nxe5 13. O-O O-O 14. Re1 Bf6 15. Nd2 {1/2-1/2 Bisguier,
A-Matanovic,A/Zagreb 1955/MCD-r5}) 10. Bb3 Qd8 11. dxe5 Bxf3 12. gxf3 Nd7 13.
f4 f6 {Who knows what Black had in mind in this opening. Anyway, it was just
this next move which appealed to me:} 14. Rg1 Nc5 (14... g6 15. Bd5 Na7 16.
Bxa8 Qxa8 17. e6 Nc5 18. Be3 {Flicking in Rg1 forcing g6 just means that
Black's king will not find safety on the kingside as f5 would be the end.
Moreover, in this variation the rook is not en prise in the corner.}) 15. Rxg7
Nxb3 16. Qh5+ Kd7 17. Qf5+ Ke8 18. e6 Qd6 19. axb3 Kd8 20. Nd2 Kc8 21. Ne4 Qd3
22. Rg3 Qd8 23. Be3 1-0

[Event "Moscow FIDE GP"]
[Site "Moscow"]
[Date "2017.05.20"]
[Round "8"]
[White "Svidler, Peter"]
[Black "Mamedyarov, Shakhriyar"]
[Result "1/2-1/2"]
[WhiteElo "2755"]
[BlackElo "2772"]
[Annotator "Lenderman,A"]
[PlyCount "77"]
[EventDate "2017.05.12"]
[EventType "swiss"]
[EventRounds "9"]
[EventCountry "RUS"]
[SourceTitle "CBM 179"]
[Source "ChessBase"]
[SourceDate "2017.07.12"]
[SourceVersion "1"]
[SourceVersionDate "2017.07.12"]
[SourceQuality "1"]

{Hello Everyone! This is GM Aleksandr Lenderman with Moscow Grand Prix round 8
game of the day. I decided to choose the draw between Svidler and Mamedyarov
because I thought it was a good complex battle between the leaders of the
tournament.} 1. e4 e5 2. Nf3 Nc6 3. Bb5 a6 4. Ba4 Nf6 5. d3 b5 6. Bb3 Bc5 {
According to my database this is the first time Mamedyarov has played this
line in the Ruy Lopez. In general though Mamedyarov plays many different
options even on move 1.} 7. Nc3 {When Mamedyarov chose 6...Bc5, he was
probably basing his preparation on Svidler's recent game against Ding Liren,
in which he replied with 7.c3, and Black got a good position in that game.} (7.
c3 O-O 8. O-O d6 9. Bg5 h6 10. Bh4 g5 11. Bg3 Ba7 12. Nbd2 Na5 13. Bc2 Nh5 14.
Kh1 Nc6 15. Bb3 Na5 16. Bc2 Nc6 17. Bb3 Na5 18. Bc2 Nc6 {1/2 (18) Svidler, P 
(2741) -Ding Liren (2759) Shenzhen CHN 2017}) 7... d6 (7... O-O {Ding chose
this against Adams.}) 8. Nd5 h6 9. c3 O-O 10. Nxf6+ Qxf6 11. Bd5 Bd7 (11... Bb7
$6 12. g4 $36) 12. Rg1 Ne7 $5 {Up to here it has all been played before but
this interesting exchange sacrifice is a novelty according to my database.
Before that a few other moves were tried.} (12... Qd8 13. g4 Kh8 14. g5 $40 {
was very dangerous in Vachier Lagrave,M (2789)-Giri,A (2782) Paris FRA 2016 
(drawn in 36 moves)}) (12... Rae8 13. g4 $36 {is also very good for White.}) (
12... h5 $5 {is the engine suggestion but of course this move might be very
dangerous and I'm not sure if this move will have many followers. I guess it
remains to be seen whether 12. h5!? withstands deep home analysis.}) 13. Bxa8
Rxa8 14. g4 Qe6 {Black is just down an exchange but he has positional
compensation in the two bishops, soon control of the centre, and also very
importantly Black has been able to neutralise White's attack.} 15. Nh4 {
A possible move but I am not sure if it's the best move.} (15. Be3 $5 {Perhaps
it was worth considering just exchanging Black's strong bishop and trading off
some pieces.} Bxe3 16. fxe3 d5 17. Nd2 $16 {and neither I nor my engine see
enough compensation here for Black.}) 15... d5 16. Nf5 Bc6 17. Qe2 (17. Nxe7+
Bxe7 18. Qe2 {was also a try for an advantage, not allowing the black knight
to be strong on g6 and controlling the f4-square.}) 17... dxe4 18. dxe4 Ng6 19.
Kf1 $6 {This is probably already an inaccuracy.} (19. Rg2 $3 {This brilliant,
albeit clumsy looking move is simply prophylaxis against ...Nf4, to be able to
prepare the move f3, unpinning the f-pawn, currently protecting the rook on g1
from ...Bc5} Nf4 (19... b4 20. c4 $16) 20. Bxf4 exf4 21. f3 $16) 19... Nf4 (
19... b4 $5 {was also possible.}) 20. Bxf4 exf4 21. Re1 {It was also worth
considering giving up material here, but Black also seems to have sufficient
play then.} (21. f3 $5 Bxg1 22. Kxg1 Rd8 $11) (21. Nd4 $5 Bxd4 22. cxd4 f3 $1
23. Qxf3 Bxe4 24. Qe2 Re8 25. f3 Qf6 $36) 21... Re8 (21... b4 $5 {is probably
even a bit stronger.} 22. Kg2 Rd8 $1 {Prophylaxis against ...Nd4.} 23. Kh1 g6
24. Nd4 Bxd4 25. cxd4 Rxd4 26. f3 Bb5 $44) 22. b4 Bb6 23. f3 $1 {Otherwise
Black has a very strong initiative. Possibly Black underestimated this reply.}
Bxg1 24. Kxg1 Bd7 25. Rd1 Qb6+ 26. Qf2 Bxf5 27. gxf5 Qxf2+ 28. Kxf2 a5 {
Now the game will end peacefully from here.} 29. a3 axb4 30. axb4 Ra8 31. Rd7
c6 32. Rc7 Ra2+ 33. Kg1 Ra1+ 34. Kg2 Ra2+ 35. Kg1 Ra1+ 36. Kg2 Ra2+ 37. Kh3 h5
38. Rxc6 f6 39. c4 {After bxc4 Rxc4 Rb2, White can't make any further progress
with his king stuck on h3 and never being able to get into the game. Therefore
draw agreed. A short but very interesting and instructive battle on the top
board at the Moscow Grand Prix.} 1/2-1/2

[Event "Andorra op 27th"]
[Site "Arinsal"]
[Date "2009.07.24"]
[Round "7"]
[White "Lopez Martinez, Josep Manuel"]
[Black "Marin, Mihail"]
[Result "1/2-1/2"]
[WhiteElo "2555"]
[BlackElo "2583"]
[Annotator "Marin,M"]
[PlyCount "139"]
[EventDate "2009.07.18"]
[EventType "swiss"]
[EventRounds "9"]
[EventCountry "AND"]
[SourceTitle "CBM 131 Extra"]
[Source "ChessBase"]
[SourceDate "2009.09.03"]
[SourceVersion "2"]
[SourceVersionDate "2009.09.16"]
[SourceQuality "1"]

1. e4 e5 2. Nf3 Nc6 3. Bb5 a6 4. Ba4 Nf6 5. d3 d6 {This probably was a
psychologically wrong opening choice. I had already lost one game to
"Super-Lopez" in this variation and it would have been wiser to avoid bad
memories by playing something different.} 6. c3 g6 ({In the past I had been
quite successful with} 6... Bd7 7. Nbd2 g6 8. Nf1 Nh5 $5 {, but the following
game made me give it up.} 9. Ng3 Nf4 10. O-O Bg7 11. d4 b5 12. Bb3 O-O 13. Be3
Qf6 14. dxe5 Nxe5 15. Nxe5 Qxe5 16. Qd2 Bh6 17. Rad1 $14 {Lopez Martinez,J 
(2445)-Marin,M (2601)/Andorra 2001/CBM 083 ext (1-0, 29). Black has lost his
stability on dark squares and stands badly. This is just correct, because he
has spent too many tempi on moving with his king's knight.}) 7. Bg5 Bg7 8. Nbd2
h6 9. Bh4 O-O 10. Nf1 Ne7 $5 {[%cal Gc7c6,Gd8c7,Gd6d5] I discovered this move
during my short preparation. I noticed that one of my idols, Gligoric, had
played it twice and decided to give it a try, too. Unfortunately, I did not
grasp all its subtleties...} 11. Bb3 {There was nothing to be done on the
a4-e8 diagonal already. White retreats the bishop on to another important
diagonal.} (11. Ne3 c6 12. Bc2 {puts Black under less pressure.} (12. O-O Qc7 {
Macieja,B (2553)-Mikhalevski,V (2528)/Belgrade 1999/CBM 069/[Mikhalevski,V] (1/
2, 22)}) 12... Qc7 13. d4 Nh5 14. O-O (14. dxe5 dxe5 15. Nd2 Nf4 16. g3 Ne6 17.
Bxe7 Qxe7 18. h4 h5 19. Qe2 b5 20. a3 a5 21. O-O a4 $15 {Smyslov,V-Gligoric,S/
Kiev 1959/MCL (1/2, 29)}) 14... Nf4 15. Bg3 Nh5 16. dxe5 dxe5 17. Nc4 Nxg3 18.
hxg3 Rd8 19. Qe2 Be6 20. Bb3 a5 $11 {Mohrlok,D-Gligoric,S/Buesum 1969/EXT 98 
(1/2, 57)}) 11... c6 12. Ne3 Qc7 $6 {This careless move puts Black in some
danger.} (12... Kh8 13. Bxf6 Bxf6 14. h4 d5 15. Qe2 Bg7 16. O-O-O d4 17. Nc4
Bg4 {Pedersen,K (2370)-Hamann,S (2490)/Hjorring 1971/MCD (1/2, 80)}) ({The
correct move is} 12... Nh5 $1 {and White has problems deciding on which side
to castle.} 13. Qc2 b5 (13... d5 14. O-O-O Be6 15. d4 $1) 14. O-O-O $6 a5 $36)
13. Bxf6 $1 (13. h3 b5 (13... Nh5 $1) 14. g4 Bb7 15. Bxf6 Bxf6 16. g5 hxg5 17.
Ng4 $40 {Morozevich,A (2707)-Khalifman,A (2653)/Moscow 2005/CBM 111 (1-0, 54)})
13... Bxf6 14. h4 $36 {[%cal Gh4h5] White's simple plan of conquering the
light squares is not easy to counter.} Rd8 $146 {After a long period of
thought, I decided to restrict the b3-bishop by occupying the centre.} (14...
h5 15. Ng5 {/\g4}) (14... Be6 {Stean,M (2320)-Young,N/Glasgow 1973/EXT 1999 (1/
2, 41)} 15. Bxe6 fxe6 16. h5 g5 17. Qb3 $14) 15. h5 g5 16. Nh2 d5 17. Qf3 Bg7
18. O-O ({I was not too worried about} 18. exd5 cxd5 19. Nxd5 Nxd5 20. Bxd5 g4
21. Qe4 Kh8 $44 {White's pieces are uncoordinated, while Black's mobile centre
may become dangerous.}) 18... Be6 $2 {Only this natural developing move really
puts Black in trouble.} ({He could retain a playable position with the
paradoxical} 18... Qd7 $1 19. c4 (19. Nhg4 f5 $11) 19... d4 20. Neg4 c5 21. Bd1
Rf8 22. Re1 Qd6 23. Nf1 b5 24. Bb3 Bd7 25. Ng3 Qe6 26. Nh2 Qd6 $13 27. Nf5 $2
Nxf5 28. exf5 Qf6 $15) 19. Nhg4 Rd6 {[%cal Ga8f8,Gf7f5] By this moment I
thought Black was OK, but surprises were still to come.} 20. c4 $1 {Continuing
the fight for the light squares.} (20. Nf6+ Bxf6 21. Qxf6 d4 22. Qxh6 dxe3 23.
fxe3 Bxb3 24. Qxg5+ Kh8 25. axb3 f5 $1 26. exf5 Rg8 27. Qh4 Nd5 $13 {[%cal
Gc7g7,Gd6h6,Gd5f6]}) (20. Nf5 Bxf5 21. exf5 f6 $11 {Black's position looks a
bit cramped, but his compact centre is likely to keep troubles away.}) 20...
Rf8 (20... dxe4 21. dxe4 $14 {[%cal Gc4c5]}) 21. c5 $1 (21. cxd5 cxd5 22. exd5
Bxg4 23. Nxg4 f5 24. Rac1 Qd7 25. Ne3 b5 $44) 21... Rd7 22. Nf6+ Bxf6 23. Qxf6
Kh7 {[%cal Ge7g8]} 24. d4 $1 $16 {The last of a series of strong moves. The
weakness of Black's king is quite annoying.} Ng8 (24... exd4 25. Bc2 $1 $18)
25. Qf3 $6 {This move wins a pawn, but allows Black to get coordinated.} ({
I was quite worried about} 25. Qxe5 $1 Qxe5 26. dxe5 dxe4 27. Rfd1 Rfd8 28.
Rxd7 Rxd7 29. Bxe6 fxe6 30. Rd1 $16 {White has a huge advantage in space and a
more active knight. I doubt that Black can save this ending.}) 25... dxe4 26.
Qxe4+ f5 27. Qxe5 Qxe5 28. dxe5 Bxb3 29. axb3 f4 $14 {Finally, Black gets some
space.} 30. Nc4 Rd5 31. Rad1 Rfd8 32. Rxd5 Rxd5 33. b4 Kg7 34. Re1 Ne7 (34...
Kf7 $5 35. Nd6+ Ke6) 35. Re4 Rd1+ 36. Kh2 Kf7 37. e6+ (37. Nd6+ Ke6 38. Nxb7
Rd2 $132) 37... Kf6 {Black has activated his pieces and is entitled to hope
that he can save the game. However, White still has a lot of tactical ideas.}
38. Re2 Rd4 39. Ne5 Rxb4 40. Ng4+ Kg7 41. Rd2 Nd5 42. f3 $1 {><e4} Rb3 $1 (
42... a5 $2 43. Nxh6 $1 Kxh6 44. Rxd5 $1 $18) 43. e7 $1 (43. Kh3 a5 $1 44. e7
Nxe7 $1 45. Rd7 Kf8 46. Nxh6 Rxb2 $13 47. Rd8+ Kg7 48. Ng4 Re2 49. Rd7 (49. h6+
Kg6) 49... a4 50. Rxb7 a3 51. Ra7 a2 $13) 43... Kf7 (43... Nxe7 $2 44. Rd7 Kf8
45. Nxh6 Rxb2 46. Rd8+ Kg7 47. Ng4 Re2 (47... a5 48. h6+ Kh7 49. Rf8 $18) 48.
Rd7 a5 49. Rxb7 a4 50. Ra7 $16) 44. Re2 Ne3 45. Nxh6+ Kxe7 46. Nf5+ (46. Ng4 $5
) 46... Kf6 47. Nxe3 fxe3 48. g4 a5 49. Kg3 a4 50. Rh2 (50. f4 gxf4+ 51. Kxf4
Rb4+ 52. Kf3 Kg5 53. Rh2 e2 $1 54. Rxe2 Rf4+ 55. Ke3 Rxg4 56. Rh2 Kh6 $11)
50... Kg7 51. Rc2 Kf6 52. Re2 Rd3 53. f4 Rd4 (53... gxf4+ 54. Kxf4 Rd4+ 55. Kf3
Kg5 56. Rh2 $18) 54. f5 Re4 55. h6 Kf7 56. Kf3 Rf4+ 57. Kxe3 Rxg4 58. Rh2 Kg8
59. f6 Rf4 60. h7+ (60. Rf2 Rh4 61. f7+ Kf8 62. Rf6 Rb4 $11) 60... Kh8 61. Rh6
Rb4 62. Kf3 (62. Rg6 Rf4 63. Rxg5 Rxf6 64. Rg4 (64. Rh5 Rg6) 64... Rf5 65. Rc4
Kxh7 66. Kd3 Kg6 67. Kc3 Kf7 68. Kb4 Ke6 69. Ka5 Kd5 70. Rc2 Kd4 $15) 62...
Rf4+ 63. Ke2 Rb4 64. Ke3 Rf4 65. Kd3 Rb4 66. Rh5 Rf4 67. Rxg5 Rxf6 68. Rh5 Rf3+
69. Kc2 Rb3 (69... a3 70. b4 $1 $14) 70. Kc1 1/2-1/2